|
|
|
|
| LEADER |
02597nam a2200637 4500 |
| 001 |
ocn904281128 |
| 003 |
OCoLC |
| 005 |
20170124072240.5 |
| 006 |
m o d |
| 007 |
cr cnu|||unuuu |
| 008 |
150303s2015 enka ob 001 0 eng d |
| 040 |
|
|
|a N$T
|b eng
|e rda
|e pn
|c N$T
|d N$T
|d DG1
|d IDEBK
|d YDXCP
|d OCLCF
|d EBLCP
|d DEBSZ
|d DEBBG
|d GrThAP
|
| 020 |
|
|
|a 9781119102915
|q electronic bk.
|
| 020 |
|
|
|a 111910291X
|q electronic bk.
|
| 020 |
|
|
|a 9781119103042
|q electronic bk.
|
| 020 |
|
|
|a 1119103045
|q electronic bk.
|
| 020 |
|
|
|z 9781848217706
|
| 020 |
|
|
|a 9781119102755
|
| 020 |
|
|
|a 1119102758
|
| 029 |
1 |
|
|a CHVBK
|b 334089654
|
| 029 |
1 |
|
|a CHBIS
|b 010442449
|
| 029 |
1 |
|
|a NZ1
|b 16078508
|
| 029 |
1 |
|
|a DEBSZ
|b 453342957
|
| 029 |
1 |
|
|a DEBBG
|b BV042991386
|
| 029 |
1 |
|
|a DEBBG
|b BV043397575
|
| 035 |
|
|
|a (OCoLC)904281128
|
| 050 |
|
4 |
|a TA347.F5
|
| 072 |
|
7 |
|a TEC
|x 009000
|2 bisacsh
|
| 072 |
|
7 |
|a TEC
|x 035000
|2 bisacsh
|
| 082 |
0 |
4 |
|a 620.00151535
|2 23
|
| 049 |
|
|
|a MAIN
|
| 100 |
1 |
|
|a Jebahi, Mohamed,
|e author.
|
| 245 |
1 |
0 |
|a Discrete element method to model 3D continuous materials /
|c Mohamed Jebahi, Damien André, Inigo Terreros, Ivan Iordanoff.
|
| 246 |
3 |
|
|a Discrete element method to model three-dimensional continuous materials
|
| 264 |
|
1 |
|a London :
|b John Wiley and Sons, Inc.,
|c 2015.
|
| 300 |
|
|
|a 1 online resource :
|b illustrations.
|
| 336 |
|
|
|a text
|b txt
|2 rdacontent
|
| 337 |
|
|
|a computer
|b c
|2 rdamedia
|
| 338 |
|
|
|a online resource
|b cr
|2 rdacarrier
|
| 490 |
1 |
|
|a Discrete element model and simulation of continuous materials behavior set ;
|v volume 1
|
| 504 |
|
|
|a Includes bibliographical references and index.
|
| 588 |
0 |
|
|a Description based on online resource; title from PDF title page (EBSCO, viewed March 6, 2015).
|
| 650 |
|
0 |
|a Discrete element method.
|
| 650 |
|
0 |
|a Materials
|x Mathematical models.
|
| 650 |
|
7 |
|a TECHNOLOGY & ENGINEERING / Engineering (General)
|2 bisacsh
|
| 650 |
|
7 |
|a TECHNOLOGY & ENGINEERING / Reference
|2 bisacsh
|
| 650 |
|
7 |
|a Discrete element method.
|2 fast
|0 (OCoLC)fst01909477
|
| 650 |
|
7 |
|a Materials
|x Mathematical models.
|2 fast
|0 (OCoLC)fst01011852
|
| 655 |
|
4 |
|a Electronic books.
|
| 700 |
1 |
|
|a André, Damien,
|e author.
|
| 700 |
1 |
|
|a Terreros, Inigo,
|e author.
|
| 700 |
1 |
|
|a Iordanoff, Ivan,
|e author.
|
| 776 |
0 |
8 |
|i Erscheint auch als:
|n Druck-Ausgabe
|a Jebahi, Mohamed.
|t Discrete element method to model 3D continuous materials
|
| 830 |
|
0 |
|a Discrete element model and simulation of continuous materials behavior set ;
|v v. 1.
|
| 856 |
4 |
0 |
|u https://doi.org/10.1002/9781119103042
|z Full Text via HEAL-Link
|
| 994 |
|
|
|a 92
|b DG1
|